[Event "Wroclaw Anderssen Memorial op-C"]
[Site "Wroclaw"]
[Date "2023.??.??"]
[Round "8"]
[White "Dymara, Tomasz"]
[Black "Cygan, Miroslaw"]
[Result "1-0"]
[WhiteElo "1361"]
[BlackElo "1336"]
[PlyCount "35"]
[EventDate "2023.08.06"]
[EventType "swiss"]
[EventRounds "9"]
[EventCountry "POL"]
[SourceTitle "EXT 2024"]
[Source "ChessBase"]
[SourceDate "2023.10.10"]
[SourceVersion "1"]
[SourceVersionDate "2023.10.10"]
[SourceQuality "1"]

1. d4 d5 2. c4 Nf6 3. cxd5 Qxd5 4. Nc3 Qd8 5. e4 e6 6. Nf3 Bb4 7. Bd3 0-0 8. 0-0 Nc6 9. e5 Nd7 10. Bxh7+ Kh8 11. Ng5 g6 12. Qg4 Kg7 13. Qh4 Rh8 14. Nxe6+ fxe6 15. Qh6+ Kf7 16. Qxg6+ Ke7 17. Qg7+ Ke8 18. Bg6# 1-0

[Event "Wroclaw Anderssen Memorial"]
[Site "Wroclaw"]
[Date "2022.07.30"]
[Round "1"]
[White "Dymara, Tomasz"]
[Black "Pietraszko, Jakub"]
[Result "0-1"]
[WhiteElo "1069"]
[BlackElo "1747"]
[PlyCount "72"]
[EventDate "2022.07.30"]
[EventType "swiss (rapid)"]
[EventRounds "9"]
[EventCountry "POL"]
[SourceTitle "CBM 209 Extra"]
[Source "ChessBase"]
[SourceDate "2022.09.30"]
[SourceVersion "1"]
[SourceVersionDate "2022.09.30"]
[SourceQuality "1"]

1. d4 Nf6 2. c4 c5 3. Nf3 cxd4 4. Nxd4 e5 5. Nb5 d5 6. cxd5 Bc5 7. N5c3 0-0 8. g3 Bg4 9. Bg2 Qd7 10. 0-0 Bh3 11. e4 Na6 12. Nd2 Rac8 13. Nf3 Bxg2 14. Kxg2 Ng4 15. h3 Nxf2 16. Rxf2 Bxf2 17. Kxf2 Qxh3 18. Be3 f5 19. Qh1 Qxh1 20. Rxh1 fxe4 21. Nxe4 Rc2+ 22. Bd2 Rxb2 23. Ke3 Rxa2 24. Rh5 Ra3+ 25. Ke2 Raxf3 26. Rxe5 R3f5 27. Rxf5 Rxf5 28. d6 Rd5 29. Ke3 Nb8 30. Bb4 Nd7 31. Kf4 g5+ 32. Nxg5 Rd4+ 33. Kf5 Rxb4 34. Ke6 Nb6 35. d7 Rd4 36. Ke7 Rxd7+ 0-1